| 000 | 00513nam a22001697a 4500 | ||
|---|---|---|---|
| 003 | OSt | ||
| 005 | 20220930162335.0 | ||
| 008 | 220930b |||||||| |||| 00| 0 eng d | ||
| 020 | _a84-95516-86-1 | ||
| 040 | _cBiblioteca Lado V | ||
| 082 |
_a750 _bSO684i |
||
| 100 |
_aSolana, Guillermo _eeditor |
||
| 245 |
_aItinerarios 2002/03/ _bX Becas de artes plásticas/ |
||
| 260 |
_aSantander _bFundación Marcelino Botín _c2004 |
||
| 300 |
_a163p. _c20x27cm |
||
| 942 |
_2ddc _c1 _h750 _iSO684i _n0 |
||
| 999 |
_c2155 _d2155 |
||